| 000 | 01697cam a2200373Ia 4500 | ||
|---|---|---|---|
| 001 | 51361 | ||
| 005 | 20230411090006.0 | ||
| 008 | 070109r20072006nyua b 001 0beng d | ||
| 035 | _a(OCoLC)ocm77562817 | ||
| 040 |
_aBKL _cBKL _dBAKER _dYDXCP _dEUF _dBTCTA |
||
| 020 |
_a074326410X (pbk.) : _c$15.00 |
||
| 020 |
_a9780743264105 (pbk.) : _c$15.00 |
||
| 029 | 1 |
_aYDXCP _b2423714 |
|
| 035 | _a(OCoLC)77562817 | ||
| 090 |
_aHD9200.U52 _bH4715 2007 |
||
| 049 | _aGRAL | ||
| 100 | 1 | _aD'Antonio, Michael. | |
| 245 | 1 | 0 |
_aHershey : _bMilton S. Hershey's extraordinary life of wealth, empire, and utopian dreams / _cMichael D'Antonio. |
| 250 | _a1st Simon & Schuster pbk ed. | ||
| 260 |
_aNew York : _bSimon & Schuster Paperbacks, _c2007. |
||
| 300 |
_a305 p. : _bill. ; _c24 cm. |
||
| 500 | _aOriginally published: 2006. | ||
| 504 | _aIncludes bibliographical references (p. [269]-288) and index. | ||
| 505 | 0 | _aThe oak and the vine -- Heroic boys and men of industry -- Wandering -- Edible mud -- Catherine -- Ego, eccentricity, and screwballs -- "Here there will be no unhappiness" -- Beneficent jove -- A third life -- A betting man -- The end of innocence -- Something like a god -- The legacy -- What would Milton Do? | |
| 600 | 1 | 0 |
_aHershey, Milton Snavely, _d1857-1945. |
| 650 | 0 |
_aChocolate industry _zUnited States _xHistory _y20th century. |
|
| 610 | 2 | 0 |
_aHershey Chocolate Corporation _xHistory. |
| 650 | 0 |
_aBusinesspeople _zUnited States _vBiography. |
|
| 938 |
_aBaker & Taylor _bBKTY _c15.00 _d11.25 _i074326410X _n0006797580 _sactive |
||
| 938 |
_aYBP Library Services _bYANK _n2423714 |
||
| 938 |
_aBaker and Taylor _bBTCP _nBK0006797580 |
||
| 942 |
_2lcc _cbk |
||
| 994 |
_aC0 _bDRFGD |
||
| 999 |
_c110536 _d110536 |
||